Statistiques concernant Les villes les plus peuplées de Nièvre

Cliquez ici pour prendre le quiz!

Statistiques générales

  • Ce quiz a été pris 189 fois
  • Le résultat moyen est 9 sur 20

Statistiques - réponses

PopulationVille% Correct
40 934Nevers
99%
4 804Clamecy
70%
11 396Cosne-Cours-sur-Loire
68%
5 455La Charité-sur-Loire
68%
2 307Château-Chinon
67%
10 210Varennes-Vauzelles
62%
6 450Decize
52%
4 831Fourchambault
49%
4 019Imphy
39%
3 049Marzy
39%
3 735La Machine
37%
2 231Luzy
36%
2 492Pougues-les-Eaux
36%
3 501Coulanges-lès-Nevers
30%
3 821Garchizy
30%
2 476Guérigny
30%
2 200Prémery
26%
2 028Saint-Pierre-le-Moûtier
23%
2 106Cercy-la-Tour
17%
2 059Saint-Léger-des-Vignes
13%

Distribution des résultats

Percentile par nombre de réponses

% des personnes avec chaque résultat

Votre développement - résultats

Vous n’avez pas pris ce quiz